| 000 | 00400 a2200133 4500 | ||
|---|---|---|---|
| 001 | 87768 | ||
| 082 | _aPR 145 | ||
| 090 |
_c41227 _d41227 |
||
| 100 | _aOmair, Plt Off 15225 | ||
| 245 | _aStress Analysis of C-130 aircraft wheel well areas and landing gear assembly during landing | ||
| 260 |
_aRisalpur _bNUST Risalpur _c2011 |
||
| 300 |
_a57p. _eShakeel Safdar, Wg Cdr |
||
| 500 | _aBE Project Reports | ||
| 942 |
_aCAE NUST _kPR 145 |
||
| 999 |
_c322841 _d322841 |
||